Les verbes pour signifier la mort - Statistiques

Statistiques générales
  • Ce quiz a été pris 528 fois
    441 depuis la dernière actualisation
  • Le résultat moyen est 10 sur 84
Statistiques - réponses
Verbes % Correct
mourir
93%
décéder
70%
tuer
57%
trépasser
47%
crever
45%
assassiner
41%
partir
39%
périr
25%
clamser
23%
noyer
23%
disparaître
22%
pendre
21%
décapiter
20%
étrangler
20%
poignarder
20%
s’éteindre
17%
enterrer
16%
étouffer
16%
égorger
14%
empoisonner
14%
fusiller
14%
abattre
13%
agoniser
13%
se suicider
13%
écraser
11%
exécuter
11%
couper
10%
éliminer
10%
guillotiner
10%
occire
10%
trucider
10%
buter
9%
électrocuter
9%
massacrer
9%
succomber
9%
claquer
8%
exploser
8%
anéantir
7%
détruire
7%
lapider
7%
trancher
7%
achever
6%
exterminer
6%
frapper
6%
immoler
6%
démembrer
5%
descendre
5%
empaler
5%
éventrer
5%
meurtrir
5%
saigner
5%
torturer
5%
zigouiller
5%
pourfendre
4%
assommer
3%
calancher
3%
décimer
3%
étriper
3%
faner
3%
sacrifier
3%
supprimer
3%
transpercer
3%
bousiller
2%
intoxiquer
2%
liquider
2%
démolir
1%
emporter
1%
éreinter
1%
exhaler
1%
faucher
1%
foudroyer
1%
juguler
1%
supplicier
1%
taillader
1%
accabler
0%
dégringoler
0%
désespérer
0%
échiner
0%
estourbir
0%
excéder
0%
miner
0%
percer
0%
persécuter
0%
se flinguer
0%
Aucun quiz correspondant
Distribution des résultats
% des personnes avec chaque résultat
Percentile par nombre de réponses
Votre historique - résultats
Vous n’avez pas pris ce quiz depuis la dernière actualisation